[Event "DVM U10 2020"]
[Site "Magdeburg GER"]
[Date "2021.08.08"]
[Round "6"]
[White "Goldmann, David"]
[Black "Shen, Tingrui"]
[Result "1-0"]
[Termination "normal"]
[Board "1.1"]
[WhiteElo "1629"]
[BlackElo "1561"]
[WhiteClock "00:33:09"]
[BlackClock "00:21:51"]
[WhiteTeam "Hamburger SK von 1830 eV"]
[BlackTeam "TV Tegernsee"]
[PlyCount "69"]
[WhiteFideId "16268920"]
[BlackFideId "34603441"]
[EventCountry "GER"]
[EventRounds "7"]
[EventType "team-swiss"]
[EventDate "2021.08.06"]

1. e4 {[%clk 00:55:08]} {[%emt 00:00:01]} c5 {[%clk 00:55:02]} {[%emt
00:00:08]} 2. Nc3 {[%clk 00:55:06]} {[%emt 00:00:07]} Nc6 {[%clk 00:54:58]}
{[%emt 00:00:08]} 3. g3 {[%clk 00:55:03]} {[%emt 00:00:09]} g6 {[%clk
00:54:43]} {[%emt 00:00:20]} 4. Bg2 {[%clk 00:55:03]} {[%emt 00:00:06]} Bg7
{[%clk 00:54:21]} {[%emt 00:00:25]} 5. Nge2 {[%clk 00:55:01]} {[%emt 00:00:09]}
e6 {[%clk 00:53:59]} {[%emt 00:00:27]} 6. O-O {[%clk 00:55:00]} {[%emt
00:00:07]} Nge7 {[%clk 00:53:51]} {[%emt 00:00:11]} 7. d3 {[%clk 00:55:02]}
{[%emt 00:00:04]} O-O {[%clk 00:53:38]} {[%emt 00:00:17]} 8. Be3 {[%clk
00:55:05]} {[%emt 00:00:03]} d6 {[%clk 00:53:25]} {[%emt 00:00:17]} 9. Qd2
{[%clk 00:55:03]} {[%emt 00:00:07]} Rb8 {[%clk 00:53:08]} {[%emt 00:00:21]} 10.
a4 {[%clk 00:54:54]} {[%emt 00:00:15]} a6 {[%clk 00:52:28]} {[%emt 00:00:45]}
11. Bh6 {[%clk 00:54:28]} {[%emt 00:00:32]} b5 {[%clk 00:51:16]} {[%emt
00:01:16]} 12. Bxg7 {[%clk 00:54:23]} {[%emt 00:00:10]} Kxg7 {[%clk 00:51:07]}
{[%emt 00:00:13]} 13. axb5 {[%clk 00:54:10]} {[%emt 00:00:19]} axb5 {[%clk
00:50:50]} {[%emt 00:00:21]} 14. d4 {[%clk 00:51:54]} {[%emt 00:02:22]} e5
{[%clk 00:47:50]} {[%emt 00:03:05]} 15. d5 {[%clk 00:49:13]} {[%emt 00:02:47]}
Nd4 {[%clk 00:47:03]} {[%emt 00:00:50]} 16. Nxd4 {[%clk 00:49:11]} {[%emt
00:00:06]} exd4 {[%clk 00:46:50]} {[%emt 00:00:19]} 17. Ne2 {[%clk 00:49:08]}
{[%emt 00:00:10]} f5 {[%clk 00:43:43]} {[%emt 00:03:11]} 18. c3 {[%clk
00:47:46]} {[%emt 00:01:27]} dxc3 {[%clk 00:41:25]} {[%emt 00:02:22]} 19. Qxc3+
{[%emt 00:00:07]} Kg8 {[%clk 00:40:34]} {[%emt 00:00:54]} 20. e5 {[%clk
00:47:46]} {[%emt 00:00:07]} b4 {[%clk 00:39:44]} {[%emt 00:00:54]} 21. Qc4
{[%clk 00:47:33]} {[%emt 00:00:19]} Bb7 {[%clk 00:36:04]} {[%emt 00:03:43]} 22.
Nf4 {[%clk 00:46:53]} {[%emt 00:00:46]} Qb6 {[%clk 00:35:28]} {[%emt 00:00:40]}
23. Rfe1 {[%clk 00:45:53]} {[%emt 00:01:07]} Ra8 {[%clk 00:33:58]} {[%emt
00:01:33]} 24. exd6 {[%clk 00:42:58]} {[%emt 00:03:01]} Qxd6 {[%clk 00:32:42]}
{[%emt 00:01:21]} 25. Ne6 {[%clk 00:39:40]} {[%emt 00:03:24]} Rfc8 {[%clk
00:31:28]} {[%emt 00:01:16]} 26. Rxa8 {[%clk 00:39:02]} {[%emt 00:00:44]} Bxa8
{[%clk 00:30:56]} {[%emt 00:00:36]} 27. Nf4 {[%clk 00:39:04]} {[%emt 00:00:05]}
Kh8 {[%clk 00:28:44]} {[%emt 00:02:17]} 28. Re6 {[%clk 00:38:20]} {[%emt
00:00:49]} Qd7 {[%clk 00:27:44]} {[%emt 00:01:04]} 29. d6 {[%clk 00:38:17]}
{[%emt 00:00:09]} Nc6 {[%clk 00:26:47]} {[%emt 00:01:01]} 30. Qe2 {[%clk
00:33:18]} {[%emt 00:05:06]} Nd4 {[%clk 00:26:29]} {[%emt 00:00:23]} 31. Qe5+
{[%clk 00:33:14]} {[%emt 00:00:08]} Qg7 {[%clk 00:25:01]} {[%emt 00:01:33]} 32.
Re8+ {[%clk 00:33:06]} {[%emt 00:00:13]} Rxe8 {[%clk 00:23:34]} {[%emt
00:01:31]} 33. Qxe8+ {[%clk 00:33:10]} {[%emt 00:00:02]} Qg8 {[%clk 00:23:05]}
{[%emt 00:00:34]} 34. Qxa8 {[%clk 00:33:10]} {[%emt 00:00:04]} Qxa8 {[%clk
00:21:51]} {[%emt 00:01:18]} 35. Bxa8 {[%clk 00:33:09]} {[%emt 00:00:08]} 1-0

[Event "DVM U10 2020"]
[Site "Magdeburg GER"]
[Date "2021.08.08"]
[Round "6"]
[White "Limmer, Marco"]
[Black "Lu, Yunong Elias"]
[Result "1/2-1/2"]
[Termination "normal"]
[Board "1.2"]
[WhiteElo "1352"]
[BlackElo "1557"]
[WhiteClock "00:07:38"]
[BlackClock "00:11:29"]
[WhiteTeam "TV Tegernsee"]
[BlackTeam "Hamburger SK von 1830 eV"]
[PlyCount "41"]
[WhiteFideId "34603506"]
[BlackFideId "16276426"]
[EventCountry "GER"]
[EventRounds "7"]
[EventType "team-swiss"]
[EventDate "2021.08.06"]

1. e4 {[%clk 00:55:08]} {[%emt 00:00:02]} c6 {[%clk 00:54:45]} {[%emt
00:00:25]} 2. c4 {[%clk 00:55:00]} {[%emt 00:00:14]} d5 {[%clk 00:54:18]}
{[%emt 00:00:31]} 3. cxd5 {[%clk 00:54:50]} {[%emt 00:00:16]} cxd5 {[%clk
00:54:15]} {[%emt 00:00:06]} 4. exd5 {[%clk 00:54:27]} {[%emt 00:00:29]} Nf6
{[%clk 00:53:33]} {[%emt 00:00:47]} 5. Qa4+ {[%clk 00:54:22]} {[%emt 00:00:11]}
Bd7 {[%clk 00:50:30]} {[%emt 00:03:06]} 6. Qb3 {[%clk 00:54:14]} {[%emt
00:00:13]} Qc7 {[%clk 00:49:20]} {[%emt 00:01:16]} 7. Nc3 {[%clk 00:54:02]}
{[%emt 00:00:18]} g6 {[%clk 00:48:17]} {[%emt 00:01:07]} 8. Nf3 {[%clk
00:53:17]} {[%emt 00:00:51]} Bg7 {[%clk 00:47:40]} {[%emt 00:00:40]} 9. Bc4
{[%clk 00:51:32]} {[%emt 00:01:52]} O-O {[%clk 00:47:18]} {[%emt 00:00:25]} 10.
O-O {[%clk 00:51:02]} {[%emt 00:00:35]} a6 {[%clk 00:46:00]} {[%emt 00:01:21]}
11. a4 {[%clk 00:49:06]} {[%emt 00:02:04]} Bg4 {[%clk 00:44:44]} {[%emt
00:01:17]} 12. Be2 {[%clk 00:46:08]} {[%emt 00:03:06]} Nbd7 {[%clk 00:42:50]}
{[%emt 00:01:58]} 13. h3 {[%clk 00:42:59]} {[%emt 00:03:17]} Bxf3 {[%clk
00:41:10]} {[%emt 00:01:44]} 14. Bxf3 {[%clk 00:42:50]} {[%emt 00:00:14]} Nb6
{[%clk 00:38:17]} {[%emt 00:02:58]} 15. a5 {[%clk 00:40:02]} {[%emt 00:02:53]}
Nc8 {[%clk 00:35:56]} {[%emt 00:02:26]} 16. d4 {[%clk 00:37:57]} {[%emt
00:02:10]} Rd8 {[%clk 00:32:39]} {[%emt 00:03:22]} 17. Be3 {[%clk 00:33:44]}
{[%emt 00:04:18]} Nd6 {[%clk 00:30:34]} {[%emt 00:02:11]} 18. Rfc1 {[%clk
00:31:54]} {[%emt 00:01:54]} Qb8 {[%clk 00:28:57]} {[%emt 00:01:43]} 19. Bf4
{[%clk 00:29:54]} {[%emt 00:02:04]} Qa7 {[%clk 00:28:00]} {[%emt 00:00:52]} 20.
Be5 {[%clk 00:27:25]} {[%emt 00:02:44]} Nfe8 {[%clk 00:25:49]} {[%emt
00:02:16]} 21. Na4 {[%clk 00:24:07]} {[%emt 00:03:23]} Rac8 {[%clk 00:23:04]}
{[%emt 00:02:50]} 22. Bxg7 {[%clk 00:22:34]} {[%emt 00:01:38]} Nxg7 {[%clk
00:22:34]} {[%emt 00:00:36]} 23. Nb6 {[%clk 00:21:24]} {[%emt 00:01:13]} Rxc1+
{[%clk 00:22:00]} {[%emt 00:00:39]} 24. Rxc1 {[%clk 00:21:18]} {[%emt
00:00:13]} Ngf5 {[%clk 00:21:14]} {[%emt 00:00:50]} 25. Qd3 {[%clk 00:18:37]}
{[%emt 00:02:45]} Nb5 {[%clk 00:19:32]} {[%emt 00:01:48]} 26. Rc4 {[%clk
00:17:51]} {[%emt 00:00:51]} Qb8 {[%clk 00:18:59]} {[%emt 00:00:39]} 27. g4
{[%clk 00:15:40]} {[%emt 00:02:15]} Nfd6 {[%clk 00:17:52]} {[%emt 00:01:11]}
28. Rc5 {[%clk 00:14:29]} {[%emt 00:01:17]} Nc8 {[%clk 00:15:30]} {[%emt
00:02:27]} 29. Nxc8 {[%clk 00:14:06]} {[%emt 00:00:28]} Rxc8 {[%clk 00:15:27]}
{[%emt 00:00:08]} 30. Rxc8+ {[%emt 00:01:08]} Qxc8 {[%clk 00:14:54]} {[%emt
00:00:36]} 31. Qe3 {[%clk 00:12:26]} {[%emt 00:00:44]} Qc7 {[%clk 00:14:09]}
{[%emt 00:00:49]} 32. Be2 {[%clk 00:11:45]} {[%emt 00:00:47]} Nd6 {[%clk
00:14:03]} {[%emt 00:00:10]} 33. Kg2 {[%clk 00:10:54]} {[%emt 00:00:57]} Qxa5
{[%clk 00:13:39]} {[%emt 00:00:30]} 34. Qxe7 {[%clk 00:10:34]} {[%emt
00:00:24]} Qxd5+ {[%clk 00:13:40]} {[%emt 00:00:04]} 35. Bf3 {[%clk 00:10:01]}
{[%emt 00:00:37]} Qxd4 {[%clk 00:12:49]} {[%emt 00:00:57]} 36. Bxb7 {[%clk
00:09:18]} {[%emt 00:00:48]} Nxb7 {[%clk 00:12:20]} {[%emt 00:00:34]} 37. Qxb7
{[%clk 00:09:14]} {[%emt 00:00:09]} a5 {[%clk 00:12:18]} {[%emt 00:00:08]} 38.
Qb5 {[%clk 00:08:13]} {[%emt 00:01:05]} Qe4+ {[%clk 00:11:55]} {[%emt
00:00:26]} 39. Kg1 {[%clk 00:08:04]} {[%emt 00:00:15]} Kg7 {[%clk 00:11:35]}
{[%emt 00:00:27]} 40. Qxa5 {[%clk 00:07:47]} {[%emt 00:00:22]} Qb1+ {[%clk
00:11:29]} {[%emt 00:00:11]} 41. Kg2 {[%clk 00:07:38]} {[%emt 00:00:14]}
1/2-1/2

[Event "DVM U10 2020"]
[Site "Magdeburg GER"]
[Date "2021.08.08"]
[Round "6"]
[White "Braun, Julian"]
[Black "Greive, Jakob"]
[Result "1-0"]
[Termination "normal"]
[Board "1.3"]
[WhiteElo "1436"]
[BlackElo "1304"]
[WhiteClock "00:35:22"]
[BlackClock "00:32:39"]
[WhiteTeam "Hamburger SK von 1830 eV"]
[BlackTeam "TV Tegernsee"]
[PlyCount "69"]
[WhiteFideId "16289293"]
[BlackFideId "34603476"]
[EventCountry "GER"]
[EventRounds "7"]
[EventType "team-swiss"]
[EventDate "2021.08.06"]

1. e4 {[%emt 00:03:54]} e5 {[%clk 00:55:04]} {[%emt 00:00:06]} 2. Nf3 {[%clk
00:55:11]} {[%emt 00:00:02]} Nc6 {[%clk 00:54:58]} {[%emt 00:00:11]} 3. Bc4
{[%clk 00:55:13]} {[%emt 00:00:03]} Nd4 {[%clk 00:54:56]} {[%emt 00:00:06]} 4.
O-O {[%clk 00:55:10]} {[%emt 00:00:08]} Nxf3+ {[%clk 00:54:49]} {[%emt
00:00:13]} 5. Qxf3 {[%clk 00:55:09]} {[%emt 00:00:06]} Qf6 {[%clk 00:54:36]}
{[%emt 00:00:17]} 6. Qb3 {[%clk 00:54:34]} {[%emt 00:00:41]} Bc5 {[%clk
00:54:14]} {[%emt 00:00:24]} 7. Nc3 {[%clk 00:53:46]} {[%emt 00:00:55]} c6
{[%clk 00:53:06]} {[%emt 00:01:13]} 8. a4 {[%clk 00:53:10]} {[%emt 00:00:41]}
Ne7 {[%clk 00:52:14]} {[%emt 00:00:57]} 9. d3 {[%clk 00:52:13]} {[%emt
00:01:02]} d6 {[%clk 00:51:12]} {[%emt 00:01:05]} 10. Be3 {[%clk 00:51:24]}
{[%emt 00:00:58]} Bd4 {[%clk 00:50:43]} {[%emt 00:00:31]} 11. Ne2 {[%clk
00:50:39]} {[%emt 00:00:52]} Qg6 {[%clk 00:49:44]} {[%emt 00:01:00]} 12. Kh1
{[%clk 00:48:35]} {[%emt 00:02:13]} c5 {[%clk 00:48:35]} {[%emt 00:01:13]} 13.
Bd2 {[%clk 00:46:18]} {[%emt 00:02:22]} Nc6 {[%clk 00:45:14]} {[%emt 00:03:25]}
14. c3 {[%clk 00:45:52]} {[%emt 00:00:33]} O-O {[%clk 00:44:17]} {[%emt
00:01:01]} 15. cxd4 {[%clk 00:45:49]} {[%emt 00:00:08]} Nxd4 {[%clk 00:43:51]}
{[%emt 00:00:29]} 16. Nxd4 {[%clk 00:45:49]} {[%emt 00:00:07]} exd4 {[%clk
00:43:46]} {[%emt 00:00:10]} 17. Bf4 {[%clk 00:44:37]} {[%emt 00:01:18]} Rb8
{[%clk 00:43:13]} {[%emt 00:00:37]} 18. Bg3 {[%clk 00:43:15]} {[%emt 00:01:28]}
b5 {[%clk 00:42:20]} {[%emt 00:00:57]} 19. axb5 {[%clk 00:42:29]} {[%emt
00:00:51]} a6 {[%clk 00:42:06]} {[%emt 00:00:17]} 20. b6 {[%clk 00:41:39]}
{[%emt 00:00:58]} Re8 {[%clk 00:40:11]} {[%emt 00:01:59]} 21. Bxa6 {[%clk
00:39:21]} {[%emt 00:02:23]} Bxa6 {[%clk 00:39:25]} {[%emt 00:00:51]} 22. Rxa6
{[%clk 00:38:42]} {[%emt 00:00:45]} Qe6 {[%clk 00:37:25]} {[%emt 00:02:04]} 23.
Qxe6 {[%clk 00:38:33]} {[%emt 00:00:14]} Rxe6 {[%clk 00:37:21]} {[%emt
00:00:10]} 24. b7 {[%clk 00:38:16]} {[%emt 00:00:21]} Ree8 {[%clk 00:37:07]}
{[%emt 00:00:19]} 25. Ra7 {[%clk 00:37:50]} {[%emt 00:00:32]} c4 {[%clk
00:36:18]} {[%emt 00:00:54]} 26. dxc4 {[%clk 00:36:47]} {[%emt 00:01:08]} Rxe4
{[%clk 00:36:06]} {[%emt 00:00:15]} 27. Bxd6 {[%clk 00:36:36]} {[%emt
00:00:17]} Rbe8 {[%clk 00:35:26]} {[%emt 00:00:44]} 28. b8=Q {[%clk 00:36:06]}
{[%emt 00:00:36]} Rxb8 {[%clk 00:34:02]} {[%emt 00:01:21]} 29. Bxb8 {[%clk
00:36:08]} {[%emt 00:00:12]} d3 {[%clk 00:33:53]} {[%emt 00:00:13]} 30. Rd7
{[%clk 00:35:42]} {[%emt 00:00:32]} Re8 {[%clk 00:33:36]} {[%emt 00:00:22]} 31.
Rxd3 {[%clk 00:35:21]} {[%emt 00:00:26]} Rxb8 {[%clk 00:33:29]} {[%emt
00:00:11]} 32. Rfd1 {[%clk 00:35:23]} {[%emt 00:00:04]} g6 {[%clk 00:33:13]}
{[%emt 00:00:21]} 33. Rd8+ {[%clk 00:35:22]} {[%emt 00:00:06]} Rxd8 {[%clk
00:32:53]} {[%emt 00:00:24]} 34. Rxd8+ {[%clk 00:35:24]} {[%emt 00:00:03]} Kg7
{[%clk 00:32:39]} {[%emt 00:00:19]} 35. c5 {[%clk 00:35:22]} {[%emt 00:00:08]}
1-0

[Event "DVM U10 2020"]
[Site "Magdeburg GER"]
[Date "2021.08.08"]
[Round "6"]
[White "Wagner, Cosima"]
[Black "Wartenberg, Alexander"]
[Result "1-0"]
[Termination "normal"]
[Board "1.4"]
[WhiteElo "970"]
[BlackElo "1424"]
[WhiteClock "00:13:15"]
[BlackClock "00:03:58"]
[WhiteTeam "TV Tegernsee"]
[BlackTeam "Hamburger SK von 1830 eV"]
[PlyCount "39"]
[WhiteFideId "34603484"]
[BlackFideId "16280768"]
[EventCountry "GER"]
[EventRounds "7"]
[EventType "team-swiss"]
[EventDate "2021.08.06"]

1. e4 {[%clk 00:55:05]} {[%emt 00:00:05]} e5 {[%clk 00:55:05]} {[%emt
00:00:05]} 2. Nf3 {[%clk 00:55:07]} {[%emt 00:00:04]} Nf6 {[%clk 00:55:05]}
{[%emt 00:00:05]} 3. Nxe5 {[%clk 00:55:06]} {[%emt 00:00:06]} d6 {[%clk
00:55:03]} {[%emt 00:00:07]} 4. Nf3 {[%clk 00:54:53]} {[%emt 00:00:17]} Nxe4
{[%clk 00:55:01]} {[%emt 00:00:07]} 5. Nc3 {[%clk 00:54:52]} {[%emt 00:00:07]}
Nxc3 {[%clk 00:55:01]} {[%emt 00:00:05]} 6. dxc3 {[%clk 00:54:52]} {[%emt
00:00:05]} Be7 {[%clk 00:54:43]} {[%emt 00:00:23]} 7. Be3 {[%clk 00:54:42]}
{[%emt 00:00:15]} Be6 {[%clk 00:54:29]} {[%emt 00:00:19]} 8. Qd2 {[%clk
00:54:21]} {[%emt 00:00:26]} Qd7 {[%clk 00:52:37]} {[%emt 00:01:57]} 9. a3
{[%clk 00:52:55]} {[%emt 00:01:31]} O-O {[%clk 00:47:51]} {[%emt 00:00:28]} 10.
O-O-O {[%clk 00:52:35]} {[%emt 00:04:47]} Nc6 {[%clk 00:43:09]} {[%emt
00:04:47]} 11. Bd3 {[%clk 00:51:32]} {[%emt 00:01:08]} Rfb8 {[%clk 00:42:39]}
{[%emt 00:00:35]} 12. h4 {[%clk 00:49:59]} {[%emt 00:01:38]} b5 {[%clk
00:39:54]} {[%emt 00:02:50]} 13. Be4 {[%clk 00:47:14]} {[%emt 00:02:50]} Qe8
{[%clk 00:31:30]} {[%emt 00:08:30]} 14. Qd3 {[%clk 00:44:22]} {[%emt 00:02:57]}
h6 {[%clk 00:27:36]} {[%emt 00:03:58]} 15. Rdg1 {[%clk 00:41:21]} {[%emt
00:03:06]} Bc4 {[%clk 00:26:00]} {[%emt 00:01:42]} 16. Qd2 {[%clk 00:37:42]}
{[%emt 00:03:43]} Bf6 {[%clk 00:25:42]} {[%emt 00:00:24]} 17. g4 {[%clk
00:36:29]} {[%emt 00:01:19]} Qxe4 {[%clk 00:25:17]} {[%emt 00:00:29]} 18. g5
{[%clk 00:35:22]} {[%emt 00:01:09]} Qxf3 {[%clk 00:14:42]} {[%emt 00:10:42]}
19. gxf6 {[%clk 00:35:00]} {[%emt 00:00:27]} Qxf6 {[%emt 00:00:19]} 20. Bxh6
{[%emt 00:00:20]} g6 {[%clk 00:13:33]} {[%emt 00:00:35]} 21. h5 {[%clk
00:34:44]} {[%emt 00:00:21]} Ne5 {[%clk 00:12:58]} {[%emt 00:00:41]} 22. hxg6
{[%clk 00:29:49]} {[%emt 00:05:00]} fxg6 {[%clk 00:11:41]} {[%emt 00:01:22]}
23. Bg5 {[%clk 00:24:31]} {[%emt 00:05:23]} Qf5 {[%clk 00:08:48]} {[%emt
00:02:57]} 24. Qd4 {[%clk 00:18:34]} {[%emt 00:06:01]} Qe6 {[%clk 00:06:03]}
{[%emt 00:02:51]} 25. f4 {[%clk 00:16:08]} {[%emt 00:02:32]} c5 {[%clk
00:05:59]} {[%emt 00:00:09]} 26. Qf2 {[%clk 00:14:34]} {[%emt 00:01:38]} Kg7
{[%clk 00:05:28]} {[%emt 00:00:36]} 27. fxe5 {[%clk 00:14:20]} {[%emt
00:00:19]} Qxe5 {[%clk 00:04:14]} {[%emt 00:01:19]} 28. Bh6+ {[%clk 00:14:03]}
{[%emt 00:00:22]} Kg8 {[%clk 00:03:58]} {[%emt 00:00:21]} 29. Rxg6+ {[%clk
00:13:15]} {[%emt 00:00:52]} 1-0

[Event "DVM U10 2020"]
[Site "Magdeburg GER"]
[Date "2021.08.08"]
[Round "6"]
[White "Nguyen, Bach Khoi"]
[Black "Büchel, David"]
[Result "0-1"]
[Termination "normal"]
[Board "2.1"]
[WhiteElo "1086"]
[BlackElo "1408"]
[WhiteClock "00:05:12"]
[BlackClock "00:01:31"]
[WhiteTeam "TSG Oberschöneweide e.V."]
[BlackTeam "Schachfreunde München e.V."]
[PlyCount "40"]
[WhiteFideId "34600256"]
[BlackFideId "34603689"]
[EventCountry "GER"]
[EventRounds "7"]
[EventType "team-swiss"]
[EventDate "2021.08.06"]

1. e4 {[%clk 00:54:59]} {[%emt 00:00:10]} c5 {[%clk 00:55:05]} {[%emt
00:00:05]} 2. Nf3 {[%clk 00:54:55]} {[%emt 00:00:09]} Nc6 {[%clk 00:55:04]}
{[%emt 00:00:07]} 3. d4 {[%clk 00:54:38]} {[%emt 00:00:21]} cxd4 {[%clk
00:55:02]} {[%emt 00:00:07]} 4. Nxd4 {[%clk 00:54:36]} {[%emt 00:00:07]} Nf6
{[%clk 00:55:03]} {[%emt 00:00:04]} 5. Nc3 {[%clk 00:54:28]} {[%emt 00:00:12]}
e5 {[%clk 00:55:06]} {[%emt 00:00:04]} 6. Ndb5 {[%clk 00:54:22]} {[%emt
00:00:10]} d6 {[%clk 00:55:06]} {[%emt 00:00:05]} 7. Nd5 {[%clk 00:54:11]}
{[%emt 00:00:16]} Nxd5 {[%clk 00:55:06]} {[%emt 00:00:06]} 8. exd5 {[%clk
00:54:05]} {[%emt 00:00:10]} Ne7 {[%clk 00:55:02]} {[%emt 00:00:10]} 9. c4
{[%clk 00:53:57]} {[%emt 00:00:13]} Ng6 {[%clk 00:54:54]} {[%emt 00:00:13]} 10.
Bd3 {[%clk 00:52:33]} {[%emt 00:01:29]} a6 {[%clk 00:54:28]} {[%emt 00:00:31]}
11. Nc3 {[%clk 00:52:07]} {[%emt 00:00:30]} f5 {[%clk 00:54:24]} {[%emt
00:00:10]} 12. O-O {[%clk 00:51:32]} {[%emt 00:00:39]} Be7 {[%clk 00:50:40]}
{[%emt 00:03:49]} 13. Re1 {[%clk 00:49:47]} {[%emt 00:01:51]} O-O {[%clk
00:49:42]} {[%emt 00:01:02]} 14. Bd2 {[%clk 00:47:53]} {[%emt 00:01:59]} Bg5
{[%clk 00:48:38]} {[%emt 00:01:09]} 15. Bf1 {[%clk 00:42:23]} {[%emt 00:05:35]}
Qf6 {[%clk 00:45:20]} {[%emt 00:03:24]} 16. Bxg5 {[%clk 00:41:25]} {[%emt
00:01:02]} Qxg5 {[%clk 00:43:08]} {[%emt 00:02:17]} 17. Qc1 {[%clk 00:40:16]}
{[%emt 00:01:14]} Qh4 {[%clk 00:39:02]} {[%emt 00:04:11]} 18. Qe3 {[%clk
00:36:51]} {[%emt 00:03:30]} f4 {[%clk 00:35:42]} {[%emt 00:03:26]} 19. Qe2
{[%clk 00:35:24]} {[%emt 00:01:31]} f3 {[%clk 00:31:16]} {[%emt 00:04:31]} 20.
gxf3 {[%clk 00:29:40]} {[%emt 00:05:48]} Nf4 {[%clk 00:19:53]} {[%emt
00:11:29]} 21. Qe3 {[%clk 00:26:16]} {[%emt 00:03:28]} Rf6 {[%clk 00:12:19]}
{[%emt 00:07:40]} 22. Ne4 {[%clk 00:24:31]} {[%emt 00:01:50]} Bh3 {[%emt
00:05:49]} 23. Nxf6+ {[%clk 00:18:09]} {[%emt 00:06:26]} gxf6 {[%clk 00:06:34]}
{[%emt 00:00:07]} 24. Kh1 {[%clk 00:17:27]} {[%emt 00:00:47]} Kh8 {[%clk
00:04:09]} {[%emt 00:02:30]} 25. Bxh3 {[%clk 00:15:22]} {[%emt 00:02:10]} Nxh3
{[%clk 00:04:09]} {[%emt 00:00:04]} 26. Rf1 {[%clk 00:14:13]} {[%emt 00:01:15]}
Rg8 {[%clk 00:03:51]} {[%emt 00:00:24]} 27. Qe2 {[%clk 00:12:27]} {[%emt
00:01:50]} Nf4 {[%clk 00:03:31]} {[%emt 00:00:26]} 28. Qe4 {[%clk 00:10:46]}
{[%emt 00:01:45]} Rg5 {[%clk 00:01:32]} {[%emt 00:02:04]} 29. Rg1 {[%clk
00:09:21]} {[%emt 00:01:30]} Rh5 {[%clk 00:01:33]} {[%emt 00:00:04]} 30. Rg2
{[%clk 00:09:16]} {[%emt 00:00:11]} Nxg2 {[%clk 00:01:36]} {[%emt 00:00:02]}
31. Qxh4 {[%clk 00:09:13]} {[%emt 00:00:08]} Nxh4 {[%clk 00:01:40]} {[%emt
00:00:01]} 32. Rd1 {[%clk 00:06:32]} {[%emt 00:02:45]} b6 {[%clk 00:01:36]}
{[%emt 00:00:09]} 33. b4 {[%clk 00:06:15]} {[%emt 00:00:22]} Nxf3 {[%emt
00:00:30]} 34. Kg2 {[%emt 00:00:03]} Nd4 {[%clk 00:01:06]} {[%emt 00:00:02]}
35. a4 {[%clk 00:05:42]} {[%emt 00:00:38]} Rg5+ {[%clk 00:01:08]} {[%emt
00:00:04]} 36. Kf1 {[%clk 00:05:13]} {[%emt 00:00:33]} Rg8 {[%clk 00:01:12]}
{[%emt 00:00:01]} 37. b5 {[%clk 00:05:05]} {[%emt 00:00:13]} a5 {[%clk
00:01:04]} {[%emt 00:00:13]} 38. Rd3 {[%clk 00:04:51]} {[%emt 00:00:18]} Rc8
{[%clk 00:01:05]} {[%emt 00:00:05]} 39. Rc3 {[%clk 00:04:54]} {[%emt 00:00:02]}
Kg7 {[%clk 00:01:03]} {[%emt 00:00:07]} 40. Ke1 {[%clk 00:04:43]} {[%emt
00:00:16]} Kf7 {[%clk 00:01:03]} {[%emt 00:00:05]} 41. Kd2 {[%clk 00:04:44]}
{[%emt 00:00:04]} f5 {[%clk 00:01:01]} {[%emt 00:00:07]} 42. Ke3 {[%clk
00:04:46]} {[%emt 00:00:03]} Kf6 {[%clk 00:01:03]} {[%emt 00:00:04]} 43. f3
{[%clk 00:04:42]} {[%emt 00:00:08]} Rg8 {[%clk 00:01:04]} {[%emt 00:00:03]} 44.
f4 {[%clk 00:04:33]} {[%emt 00:00:15]} Rg2 {[%clk 00:00:56]} {[%emt 00:00:13]}
45. fxe5+ {[%clk 00:04:35]} {[%emt 00:00:02]} Kxe5 {[%clk 00:00:58]} {[%emt
00:00:04]} 46. c5 {[%clk 00:04:34]} {[%emt 00:00:06]} dxc5 {[%emt 00:00:20]}
47. Kd3 {[%clk 00:04:30]} {[%emt 00:00:06]} Rxh2 {[%emt 00:00:03]} 48. Kc4
{[%clk 00:04:31]} {[%emt 00:00:03]} Rc2 {[%clk 00:00:53]} {[%emt 00:00:02]} 49.
Rxc2 {[%clk 00:04:35]} {[%emt 00:00:01]} Nxc2 {[%clk 00:00:56]} 50. Kc3 {[%clk
00:04:39]} Ne3 {[%clk 00:01:00]} {[%emt 00:00:03]} 51. Kd3 {[%clk 00:04:44]}
{[%emt 00:00:01]} Nxd5 {[%clk 00:01:02]} {[%emt 00:00:02]} 52. Kd2 {[%clk
00:04:48]} f4 {[%clk 00:01:07]} 53. Ke2 {[%clk 00:04:52]} Ke4 {[%clk 00:01:11]}
{[%emt 00:00:01]} 54. Kf2 {[%clk 00:04:57]} f3 {[%clk 00:01:15]} {[%emt
00:00:01]} 55. Kf1 {[%clk 00:05:01]} c4 {[%clk 00:01:17]} {[%emt 00:00:03]} 56.
Ke1 {[%clk 00:05:05]} c3 {[%clk 00:01:22]} 57. Kd1 f2 {[%emt 00:00:01]} 58. Ke2
{[%clk 00:05:08]} c2 {[%clk 00:01:26]} 59. Kxf2 {[%clk 00:05:12]} {[%emt
00:00:01]} c1=Q {[%emt 00:00:03]} 60. Kg3 Qf4+ {[%clk 00:01:31]} {[%emt
00:00:02]} 0-1